Peformance Management (Record no. 41495)

MARC details
000 -LEADER
fixed length control field 00443nam a2200193Ia 4500
003 - CONTROL NUMBER IDENTIFIER
control field OSt
005 - DATE AND TIME OF LATEST TRANSACTION
control field 20240724170608.0
008 - FIXED-LENGTH DATA ELEMENTS--GENERAL INFORMATION
fixed length control field 240719s9999 xx 000 0 und d
040 ## - CATALOGING SOURCE
Transcribing agency y
041 ## - LANGUAGE CODE
Language code of text/sound track or separate title eng
082 ## - DEWEY DECIMAL CLASSIFICATION NUMBER
Classification number 658.3 AUG
100 ## - MAIN ENTRY--PERSONAL NAME
Personal name Aguinis, Herma
245 ## - TITLE STATEMENT
Title Peformance Management
250 ## - EDITION STATEMENT
Edition statement 4th
260 ## - PUBLICATION, DISTRIBUTION, ETC.
Place of publication, distribution, etc. Chicago
Name of publisher, distributor, etc. Sage Pub
Date of publication, distribution, etc. 2019
300 ## - PHYSICAL DESCRIPTION
Extent 381;. P. 23 Cm
520 ## - SUMMARY, ETC.
Summary, etc. LRC Dr. Saleena Khan
942 ## - ADDED ENTRY ELEMENTS (KOHA)
Source of classification or shelving scheme Dewey Decimal Classification
Koha item type Books
Suppress in OPAC Yes
Holdings
Withdrawn status Lost status Source of classification or shelving scheme Damaged status Not for loan Home library Current library Shelving location Date acquired Cost, normal purchase price Total Checkouts Full call number Barcode Date due Date last seen Date last checked out Price effective from Koha item type
    Dewey Decimal Classification     IMTN IMTN Rack 25-B 06/25/2024 13092.00 1 658.3 AUG 33544 10/20/2024 07/21/2024 07/21/2024 07/19/2024 Books
Designed & Maintained by: LRC IMT Nagpur Contact: lrc@imtnag.ac.in© 2024. All Rights Reserved.